Movies Quiz

Random Movies or Disney Quiz

Disney Characters by Vowels Quiz Stats

 Plays Quiz not verified by Sporcle

Score 0/10 Timer 05:00
0 Plays Today
Characters Characters With Vowels % Correct
eeyo_eEeyore
94.7%
_e_e_ _a_Peter Pan
92.3%
u__u_aUrsula
92.3%
_a__iBambi
92.3%
_i__e_e__aCinderella
91.1%
_a_y _o__i__Mary Poppins
91.1%
__i_Flik
88.8%
__i__e_ _i___eChicken Little
87%
_i__ey _ou_eMickey Mouse
80.5%
_u__e_Russel
54.4%

You're not logged in!

Compare scores with friends on all Sporcle quizzes.
OR
Log In

Show Comments

Extras

Top Quizzes Today


Score Distribution

Your Account Isn't Verified!

In order to create a playlist on Sporcle, you need to verify the email address you used during registration. Go to your Sporcle Settings to finish the process.

Report this User

Report this user for behavior that violates our Community Guidelines.

Details: